[Event "Biel"]
[Site "Biel"]
[Date "1995.??.??"]
[Round "8"]
[White "Gavrikov, Viktor"]
[Black "Brunner, Lucas"]
[Result "1-0"]
[WhiteElo "2605"]
[BlackElo "2530"]

1.d4 d5 2.c4 dxc4 3.e4 Nf6 4.e5 Nd5 5.Bxc4 Nc6 6.Nc3 Nb6 7.Bb5 Bd7 8.Nf3 e6
9.O-O Nb4 10.Be2 Be7 11.a3 N4d5 12.Ne4 Bc6 13.Qc2 h6 14.Bd3 a6 15.Nc5 Bxc5
16.dxc5 Nd7 17.Re1 Ne7 18.Be4 O-O 19.Bd2 Bd5 20.Rad1 Qe8 21.b4 Rd8 22.Bxd5 Nxd5
23.Re4 f5 24.exf6 N7xf6 25.Re2 Qf7 26.Rde1 Rfe8 27.Ne5 Qh5 28.f3 Qf5 29.Qc4 Nh7
30.Ng4 Qg6 31.Bc1 Nf8 32.Bb2 Re7 33.g3 Qf5 34.Qd4 Qg6 35.Re4 Nh7 36.Rxe6 Rxe6
37.Rxe6 Qb1+ 38.Kf2 Qc2+ 39.Re2 Qg6 40.Kg2 Nhf6 41.Ne5 Qb1 42.Ng4 Qg6 43.Ne5 Qb1
44.c6 bxc6 45.Nxc6 Rd6 46.Qc4 Kh8 47.Bd4 Qf5 48.Ne5 Kg8 49.Nd3 Kh8 50.Nf2 Qd7
51.Be5 Rc6 52.Qd3 Re6 53.Qd4 Qe8 54.Nd3 Qb5 55.Rd2 Qe8 56.g4 c6 57.Re2 Qf7
58.h3 Re8 59.f4 Kg8 60.f5 Nd7 61.Re1 Nxe5 62.Nxe5 Qb7 63.Kf2 Kh7 64.Re4 Nf6
65.Re2 a5 66.Nd3 Rxe2+ 67.Kxe2 axb4 68.axb4 Qa6 69.Kf3 Qa2 70.Nf4 Qb3+ 71.Kf2 Qc2+
72.Ne2 Qb3 73.Nf4 Qc2+ 74.Kf3 Qb3+ 75.Ke2 Qc2+ 76.Ke3 Qb3+ 77.Kd2 Qa2+ 78.Kc1 Qa3+
79.Kd1 Qb3+ 80.Kc1 Qa3+ 81.Kd2 Qa2+ 82.Ke3 Qb3+ 83.Nd3 Qd1 84.Kf2 Qd2+ 85.Kf3 Qd1+
86.Kf4 Qe2 87.Nf2 Nd5+ 88.Kg3 Qe1 89.b5 Qg1+ 90.Kf3 Qc1 91.Kg2 Ne3+ 92.Kf3 Nd5
93.h4 Qc2 94.Kg2 Nf6 95.g5 hxg5 96.hxg5 g6 97.Qxf6  1-0

[Event "Biel op"]
[Site "Biel"]
[Date "1995.??.??"]
[Round "8"]
[White "Razuvaev, Yuri S"]
[Black "Ibragimov, Ildar"]
[Result "1-0"]
[WhiteElo "2585"]
[BlackElo "2580"]

1.d4 d5 2.c4 dxc4 3.e4 e5 4.Nf3 exd4 5.Bxc4 Nc6 6.O-O Be6 7.Bxe6 fxe6 8.Qb3 Qd7
9.Qxb7 Rb8 10.Qa6 Nf6 11.Nbd2 Bd6 12.Re1 Ng4 13.h3 Nge5 14.Nxe5 Bxe5 15.a3 O-O
16.Qd3 a5 17.b3 Bf4 18.Nc4 Ne5 19.Nxe5 Bxe5 20.a4 Bd6 21.Bd2 e5 22.Bxa5 Qf7
23.Rab1 Qxf2+ 24.Kh1 Qf7 25.Rf1 Qe6 26.Rxf8+ Kxf8 27.Bd2 c5 28.a5 Bc7 29.Qc2 c4
30.bxc4 Ra8 31.Qa4 Kg8 32.Rb7 Bd8 33.Qb5 h6 34.Rb8 Rxb8 35.Qxb8 Qf6 36.a6 Kh7
37.a7 Qf1+ 38.Kh2  1-0

[Event "RUS-chT"]
[Site "Briansk"]
[Date "1995.??.??"]
[Round "4"]
[White "Chetverik, Maxim"]
[Black "Tregubov, Pavel V"]
[Result "1-0"]
[WhiteElo "2335"]
[BlackElo "2515"]

1.d4 d5 2.c4 dxc4 3.e4 Nf6 4.e5 Nd5 5.Bxc4 Nb6 6.Bd3 Nc6 7.Ne2 Bg4 8.f3 Be6
9.Nbc3 Qd7 10.Ne4 Nb4 11.Bb1 Na6 12.O-O Bc4 13.Re1 O-O-O 14.Be3 f5 15.exf6 exf6
16.a3 f5 17.Nd2 Bf7 18.Bd3 Nb8 19.b4 g6 20.b5 Bd6 21.Bf2 Rde8 22.Qc2 Be6
23.Nb3 Bxb3 24.Qxb3 Re7 25.Nc3 Rxe1+ 26.Rxe1 Re8 27.Rxe8+ Qxe8 28.a4 a5 29.bxa6 Nxa6
30.a5 Nd7 31.Nb5 Bf4 32.Na7+ Kd8 33.Qxb7 Nab8 34.a6 Qe6 35.d5 Qd6 36.g3 Qa3
37.gxf4 Qxd3 38.Nc6+ Nxc6 39.dxc6 Qxf3 40.cxd7 Qd1+ 41.Kg2 Qg4+ 42.Kh1 Qd1+
43.Bg1  1-0

[Event "AUS-sf Brisbane"]
[Site "Brisbane"]
[Date "1995.??.??"]
[Round "2"]
[White "Corner, Michael J"]
[Black "Allen, Andrew"]
[Result "0-1"]
[WhiteElo "2080"]
[BlackElo "2250"]

1.d4 d5 2.c4 dxc4 3.e4 Nc6 4.Nf3 Bg4 5.Bxc4 e6 6.Be3 Nf6 7.Nc3 Bb4 8.e5 Nd5
9.O-O Nxc3 10.bxc3 Bxc3 11.Rc1 Ba5 12.Bg5 O-O  0-1

[Event "Budapest FS07 IM-B"]
[Site "Budapest"]
[Date "1995.??.??"]
[Round "?"]
[White "Yip, Michael"]
[Black "Breier, Andreas"]
[Result "1-0"]
[WhiteElo "2090"]
[BlackElo "2225"]

1.d4 d5 2.c4 dxc4 3.e4 Nf6 4.e5 Nd5 5.Bxc4 Nb6 6.Bb3 Bf5 7.Nc3 e6 8.Be3 Nc6
9.Nge2 Qd7 10.O-O Rd8 11.a3 Na5 12.Bc2 Bxc2 13.Qxc2 Be7 14.b3 O-O 15.Ne4 Qc6
16.Qb1 Nxb3 17.Ra2 Na5 18.N2g3 Nd5 19.Rc1 Qb6 20.Rb2 Qa6 21.Nc5 Bxc5 22.Rxc5 b6
23.Rc1 Nc4 24.Rb3 b5 25.Bg5 Rc8 26.Nh5 c5 27.Rh3 f5 28.exf6 g6 29.Bh6 cxd4
30.Rg3 Ne5 31.Bxf8 Kxf8 32.Re1 Nc3 33.Qb4+ Kg8 34.h4 Nf7 35.Nf4 e5 36.Nxg6 hxg6
37.Rxg6+ Kh7 38.Rg7+ Kh8 39.Qe7 Nd5 40.Rh7+  1-0

[Event "Budapest FS11 IM-B"]
[Site "Budapest"]
[Date "1995.??.??"]
[Round "2"]
[White "Reh, Philipp"]
[Black "Estrada Nieto, Julian"]
[Result "1/2-1/2"]
[WhiteElo "2105"]
[BlackElo "2295"]

1.d4 d5 2.c4 dxc4 3.e4 c5 4.Nf3 cxd4 5.Qxd4 Qxd4 6.Nxd4 Bd7 7.Bxc4 Nc6 8.Nxc6 Bxc6
9.Nc3 Rc8 10.Bd5 e6 11.Bxc6+ Rxc6 12.Be3 a6 13.Ke2 Bb4 14.Rac1 Nf6 15.f3 Ke7
16.a3 Bd6 17.g3 Rhc8 18.Na2 Be5 19.Nb4 Rxc1 20.Rxc1 Rxc1 21.Bxc1 Nd7 22.Nd3 Bd4
23.Be3 Bxe3 24.Kxe3 Kd6 25.Kd4 e5+ 26.Kc4 Nb8 27.Nb4 Nc6 28.Nxc6 Kxc6 29.b4 g6
30.h4 f5 31.g4 fxg4 32.fxg4 b5+ 33.Kd3  1/2-1/2

[Event "Budapest FS11 IM-B"]
[Site "Budapest"]
[Date "1995.??.??"]
[Round "4"]
[White "Varga, Peter"]
[Black "Estrada Nieto, Julian"]
[Result "1-0"]
[WhiteElo "2415"]
[BlackElo "2295"]

1.d4 d5 2.c4 dxc4 3.e4 c5 4.Nf3 cxd4 5.Qxd4 Qxd4 6.Nxd4 Bd7 7.Bxc4 Nc6 8.Be3 Nf6
9.f3 e6 10.Nxc6 Bxc6 11.Nd2 Nd7 12.Rc1 Bd6 13.Be2 Ke7 14.Kf2 Rhc8 15.Nb3 Ba4
16.Nd4 Nb6 17.Nb5 Bxb5 18.Bxb5 Be5 19.b3 Bb2 20.Rxc8 Rxc8 21.Rd1 Be5 22.f4 Bd6
23.Kf3 Bc5 24.Rc1 Bxe3 25.Rxc8 Nxc8 26.Kxe3 Kd6 27.Kd4 Ne7 28.e5+ Kc7 29.Bd3 h6
30.Be4 Nc6+ 31.Kc5 b6+ 32.Kb5 Nd4+ 33.Kc4 Ne2 34.g3 b5+ 35.Kc5 Nc3 36.Bf3 a6
37.a3 Nb1 38.a4 Nd2 39.Bd1 bxa4 40.bxa4 Nf1 41.Be2 Nxh2 42.Bxa6 Nf3 43.Bf1 Nd2
44.Bg2 Nb3+ 45.Kc4 Na5+ 46.Kb5 Nb3 47.a5 Nd4+ 48.Kc4 Nf5 49.Kc5 Ne7 50.a6 Nc8
51.Bc6 f6 52.f5 fxe5 53.fxe6 Kb8 54.Bb7  1-0

[Event "Budapest FS10 IM-B"]
[Site "Budapest"]
[Date "1995.??.??"]
[Round "5"]
[White "Touzane, Olivier"]
[Black "Nikitin, Andrey"]
[Result "1-0"]
[WhiteElo "2250"]
[BlackElo "2290"]

1.d4 d5 2.c4 dxc4 3.e4 Nf6 4.e5 Nd5 5.Bxc4 Nb6 6.Bd3 Nc6 7.Ne2 Nb4 8.Be4 f5
9.exf6 exf6 10.O-O f5 11.Bf3 Be7 12.Qb3 a5 13.a4 N6d5 14.Nf4 c6 15.Nxd5 cxd5
16.Re1 Kf7 17.Bd2 Be6 18.Bxb4 axb4 19.Nd2 Qd6 20.Rxe6 Kxe6 21.Bxd5+ Kf6 22.Re1 Ra6
23.Bxb7 Ra7 24.Bd5 Ra6 25.Re6+ Qxe6 26.Bxe6 Rxe6 27.Nf3 Rc8 28.g4 fxg4 29.Ne5 Bd6
30.Nxg4+ Ke7 31.Ne3 Rc1+ 32.Kg2 Kd7 33.Qd5 Re1 34.Qf5 Ke7 35.Nd5+ Kd8 36.Qxh7 Bf8
37.Qf5 Bd6 38.Qg5+ Kd7 39.Qxg7+ Kc6 40.Ne3 Re7 41.Qg5 Kb7 42.Qd5+ Kc7 43.Nf5 Rd7
44.Qa5+ Kc8 45.Qa8+ Kc7 46.d5  1-0

[Event "Buenos Aires op"]
[Site "Buenos Aires"]
[Date "1995.??.??"]
[Round "3"]
[White "Quinteros, Miguel A"]
[Black "Tempone, Marcelo"]
[Result "1/2-1/2"]
[WhiteElo "2505"]
[BlackElo "2415"]

1.d4 d5 2.c4 dxc4 3.e4 Nc6 4.Nf3 Bg4 5.Bxc4 e6 6.Be3 Nf6 7.Nc3 Bb4 8.Qd3 Bxf3
9.gxf3 O-O 10.a3 e5 11.d5 Bxc3+ 12.Qxc3 Nd4 13.Bxd4 exd4 14.Qxd4 Re8 15.O-O-O Qd6
16.Kb1 a6 17.Bb3 Nd7 18.Qc3 Rac8 19.Rhg1 g6 20.h4 Re5 21.Rg5 f6 22.Rg3 Kg7
23.Qe3 Rce8 24.Rh1 Rh5 25.Qc3 Re7 26.Rg5 Rh6 27.h5 Qc5 28.Rg3 Qxc3 29.bxc3 Re5
30.Bc2 Rhxh5 31.Rd1 Rh4 32.c4 h5 33.Kc1 Rf4 34.Kd2 h4 35.Ke3 hxg3 36.Kxf4 gxf2
37.Rf1 Rg5 38.Bd3 Rg1 39.Ke3 Rxf1 40.Bxf1 g5 41.Kxf2 Kf7 42.Ke3 Ke7 43.f4 gxf4+
44.Kxf4 a5 45.Bd3 b6 46.Kf5 Ne5 47.Be2 Nf7 48.Bd3 Nh6+ 49.Kg6 Ng4 50.Kf5 Ne5
51.Be2 Nf7 52.Bd3 Nd6+ 53.Kf4 Kd7 54.e5 fxe5+ 55.Kxe5 Ke7 56.Kd4 Nb7 57.Ke5 Nc5
58.Bf5 Nb7  1/2-1/2

[Event "Buenos Aires Najdorf"]
[Site "Buenos Aires"]
[Date "1995.??.??"]
[Round "4"]
[White "Ricardi, Pablo"]
[Black "Spangenberg, Hugo"]
[Result "1/2-1/2"]
[WhiteElo "2545"]
[BlackElo "2490"]

1.d4 d5 2.c4 dxc4 3.e4 Nf6 4.e5 Nd5 5.Bxc4 Nb6 6.Bb3 Nc6 7.Nf3 Bg4 8.Bxf7+ Kxf7
9.Ng5+ Ke8 10.Qxg4 Qxd4 11.Qe2 Qxe5 12.Be3 Nd5 13.Nf3 Qf5 14.O-O e6 15.Nc3 Nxe3
16.Qxe3 Bc5 17.Qe2 Rf8 18.Rae1 Bd6 19.Nb5 Rf6 20.Nh4 Qc5 21.Qd3 Kf7 22.Nxd6+  1/2-1/2

[Event "Buenos Aires Najdorf"]
[Site "Buenos Aires"]
[Date "1995.??.??"]
[Round "9"]
[White "Sorin, Ariel"]
[Black "Ricardi, Pablo"]
[Result "0-1"]
[WhiteElo "2500"]
[BlackElo "2545"]

1.d4 d5 2.c4 dxc4 3.e4 c5 4.d5 Nf6 5.Nc3 e6 6.Bxc4 exd5 7.Nxd5 Nxd5 8.Bxd5 Be7
9.Nf3 Nd7 10.e5 Nb6 11.Be4 Qxd1+ 12.Kxd1 O-O 13.Kc2 f5 14.exf6 Bxf6 15.Be3 Be6
16.Rhd1 Nc4 17.Bd5 Bxd5 18.Rxd5 b6 19.Rb1 Rae8 20.Rd3 Rf7 21.b4 Rc7 22.b5 Rce7
23.Re1 Re4 24.a3 g5 25.Nd2 Nxd2 26.Rxd2 Rc4+ 27.Kb3 Rc3+ 28.Ka2 Kf7 29.Rd7+ Kg6
30.Re2 Rc1 31.Rxa7 c4 32.Bxc1 Rxe2+ 33.Kb1 c3 34.Rc7 Rxf2 35.Rc6 Kf5 36.a4 Ke4
37.Rxb6 c2+ 38.Ka2 Rf1 39.Rxf6 Rxf6 40.a5 Rf5 41.a6 Rxb5 42.Bd2 Rb6  0-1

[Event "Bussum op"]
[Site "Bussum"]
[Date "1995.??.??"]
[Round "7"]
[White "Happel, Hendrik A"]
[Black "Van Meurs, R."]
[Result "1-0"]
[WhiteElo "2240"]
[BlackElo "2035"]

1.d4 d5 2.c4 dxc4 3.e4 Nf6 4.e5 Nd5 5.Bxc4 Nb6 6.Bb3 Nc6 7.Nf3 e6 8.Nc3 Be7
9.O-O O-O 10.Ne4 Nb4 11.a3 N4d5 12.Qd3 Nd7 13.Neg5 g6 14.Bxd5 exd5 15.e6 Nf6
16.Nxf7 Rxf7 17.exf7+ Kxf7 18.Bg5 Bf5 19.Qb3 Rb8 20.Rfe1 c6 21.Re2 Bd6 22.Ne5+ Kg7
23.Rae1 h6 24.Bxh6+  1-0

[Event "Caceres"]
[Site "Caceres"]
[Date "1995.??.??"]
[Round "?"]
[White "Herraiz, Herminio"]
[Black "Llanes Hurtado, Miguel"]
[Result "1/2-1/2"]
[WhiteElo "2260"]
[BlackElo "2265"]

1.d4 d5 2.c4 dxc4 3.e4 Nf6 4.e5 Nd5 5.Bxc4 Nb6 6.Bb3 c5 7.Nf3 e6 8.O-O Nc6
9.Bg5 Be7 10.dxc5 Bxg5 11.cxb6 axb6 12.Nc3 Qxd1 13.Rfxd1 Bf4 14.Nb5 Ke7 15.Re1 Bd7
16.Nd6 Na5 17.g3 Nxb3 18.axb3 Bc6 19.gxf4 Bxf3 20.Rec1 Bc6 21.Rxa8 Rxa8 22.Nxb7 Kd7
23.Nd6 f6 24.Nc4 Kc7 25.b4 Ra4 26.b5 Bxb5 27.Nd6+ Bc6 28.Ne8+ Kb7 29.Nd6+  1/2-1/2

[Event "Cannes op"]
[Site "Cannes"]
[Date "1995.??.??"]
[Round "4"]
[White "Nikolaidis, Ioannis"]
[Black "Sellos, Didier"]
[Result "0-1"]
[WhiteElo "2495"]
[BlackElo "2410"]

1.d4 d5 2.c4 dxc4 3.e4 e5 4.Nf3 exd4 5.Bxc4 Bb4+ 6.Nbd2 Nc6 7.O-O Nf6 8.e5 Nd5
9.Nb3 Nb6 10.Bb5 Qd5 11.Nbxd4 Bd7 12.Nxc6 Qxb5 13.Nfd4 Qc5 14.Nxb4 Qxb4 15.e6 Bxe6
16.Nxe6 fxe6 17.Qh5+ g6 18.Qe5 O-O-O 19.Bg5 Qd6 20.Qc3 Rde8 21.Rac1 Nd5 22.Qd4 Kb8
23.Rfd1 Rhf8 24.Qg7 Rf5 25.Bh4 Qf8 26.Qd7 Rf7 27.Qb5 a6 28.Qa5 Qb4 29.Rxd5 Qxh4
30.Rd2 Rd8 31.g3 Qf6 32.Rcd1 Rd5 33.Qa4 c6 34.Re2 Rfd7 35.Rde1 Rd2 36.Kg2 Qf5
37.Qb3 Rxe2 38.Rxe2 Qd5+ 39.Qf3 Rf7 40.Qe4 Kc7 41.b3 Kd6 42.Re3 Qxe4+ 43.Rxe4 Rf5
44.g4 Rd5 45.Re3 h5 46.gxh5 gxh5 47.Re2 c5 48.Kf3 b5 49.Rc2 Rd4 50.Ke3 Kd5
51.f3 a5 52.Rg2 a4 53.Rg5+ Kd6 54.Rg1 axb3 55.axb3 Rb4 56.Rd1+ Ke5 57.Rd3 Rd4
58.Rc3 Kd5 59.Rc1 e5 60.Ra1 Rb4 61.Rd1+ Ke6 62.Rd3 Kf5 63.Rc3 h4 64.h3 c4
65.bxc4 Rxc4 66.Rd3 b4 67.Rd6 Rc3+ 68.Kf2 b3 69.Rb6 Rc2+ 70.Ke3 Rb2 71.Rb4 Rb1
72.Kf2 Ke6 73.Rb5 Kd6 74.Kg2 Kc6 75.Rb8 Rb2+ 76.Kg1 Kc5 77.Rb7 Kc4 78.Rc7+ Kd4
79.Rb7 Ke3 80.Rb5 Kxf3 81.Rxe5 Rc2 82.Re1 b2 83.Rd1 Rc1 84.Kh2 Ke2  0-1

[Event "Cannes op"]
[Site "Cannes"]
[Date "1995.??.??"]
[Round "6"]
[White "Touzane, Olivier"]
[Black "Dunnington, Angus J"]
[Result "1-0"]
[WhiteElo "2310"]
[BlackElo "2380"]

1.d4 d5 2.c4 dxc4 3.e4 Nc6 4.Nf3 Bg4 5.d5 Ne5 6.Nc3 Nf6 7.Qd4 Nxf3+ 8.gxf3 Bxf3
9.Rg1 e5 10.Qxe5+ Qe7 11.Qxe7+ Bxe7 12.Bg2 Bxg2 13.Rxg2 Bb4 14.f3 Rg8 15.Bd2 a6
16.Nd1 Bxd2+ 17.Kxd2 Rd8 18.Kc3 g6 19.Ne3 c6 20.Rd2 cxd5 21.exd5 Kd7 22.Nxc4 Rge8
23.a4 Kc7 24.d6+ Kc6 25.a5 Nd7 26.Kb4 Ne5 27.Nb6  1-0

[Event "Castellar op"]
[Site "Castellar"]
[Date "1995.??.??"]
[Round "?"]
[White "Vidarte Morales, Arturo"]
[Black "Peric, Stevan"]
[Result "1/2-1/2"]
[WhiteElo "2355"]
[BlackElo "2250"]

1.d4 d5 2.c4 dxc4 3.e4 c5 4.d5 Nf6 5.Nc3 b5 6.e5 b4 7.exf6 bxc3 8.bxc3 Qa5
9.Bd2 gxf6 10.Bxc4 Nd7 11.Be2 c4 12.Nh3 Nb6 13.Nf4 Bb7 14.O-O Rd8 15.Bf3 Bxd5
16.Nxd5 Nxd5 17.Bxd5 Rxd5 18.Rb1 e6 19.Rb8+ Rd8 20.Rxd8+ Qxd8 21.Be3 Qxd1
22.Rxd1 a6 23.Rd4 Be7 24.g3 f5 25.a4 Bf6 26.Rxc4 Kd7 27.Bd4 e5 28.Bb6 Rc8
29.Rb4 Rxc3 30.Ba5 Rc6 31.Rb7+ Ke6 32.Bb6 Rc1+ 33.Kg2 Rb1 34.a5 Bd8 35.Ra7 Bxb6
36.Rxa6 Kd5 37.axb6 h5 38.h4 f4 39.gxf4 exf4 40.Ra5+ Ke6 41.Ra6 Kf5 42.f3 Rb2+
43.Kf1 Ke5 44.Ke1 Kd4 45.Kd1 Ke3 46.Kc1 Rb5 47.Ra3+ Kd4 48.Ra4+ Ke3 49.Ra3+ Kd4
50.Ra4+ Ke3 51.Ra3+ Kd4  1/2-1/2

[Event "Coimbra-chT"]
[Site "Coimbra"]
[Date "1995.??.??"]
[Round "4"]
[White "Monteiro, A."]
[Black "Cruz, A."]
[Result "0-1"]
[WhiteElo "1605"]
[BlackElo "1775"]

1.d4 d5 2.c4 dxc4 3.e4 a6 4.a4 e6 5.Bxc4 Nf6 6.Bg5 Be7 7.Nc3 h6 8.Bh4 Nc6
9.Nf3 O-O 10.O-O b6 11.e5 Nd5 12.Bxe7 Ncxe7 13.Nxd5 Nxd5 14.Rc1 Bb7 15.Re1 Rc8
16.Nd2 Nf4 17.Ne4 Nd5 18.Qg4 Kh8 19.h4 Qe7 20.Bxd5 Bxd5 21.Rc3 Qb4 22.Rg3 Qxe1+
23.Kh2 Rg8 24.Ng5 Qxf2 25.Qh5 Rgf8 26.Nf3 Bxf3 27.Rxf3 Qxd4 28.Rf6 Qe4  0-1

[Event "DEN-ch qual"]
[Site "Copenhagen"]
[Date "1995.??.??"]
[Round "2"]
[White "Hartung Nielsen, Jens"]
[Black "Clausen, Steen"]
[Result "1/2-1/2"]
[WhiteElo "2260"]
[BlackElo "2275"]

1.d4 d5 2.c4 dxc4 3.e4 e5 4.Nf3 exd4 5.Qxd4 Qxd4 6.Nxd4 Bb4+ 7.Nc3 Nf6 8.f3 a6
9.Bxc4 b5 10.Be2 O-O 11.Be3 Re8 12.Kf2 Bb7 13.Rhc1 Nbd7 14.a3 Bf8 15.Nb3 Rad8
16.Na5 Ba8 17.a4 b4 18.Nd1 c5 19.Nb3 Bb7 20.Na5 Ba8 21.Nb3 Bb7 22.Na5 Ba8
23.Nb3  1/2-1/2

[Event "Crailsheim op 1st"]
[Site "Crailsheim"]
[Date "1995.??.??"]
[Round "?"]
[White "Ksieski, Zbigniew"]
[Black "Oblitas, Carlomagno"]
[Result "0-1"]
[WhiteElo "2390"]
[BlackElo "2440"]

1.d4 d5 2.c4 dxc4 3.e4 c5 4.d5 Nf6 5.Nc3 b5 6.Bf4 Qa5 7.a4 Nxe4 8.axb5 Nxc3
9.Rxa5 Nxd1 10.Kxd1 Nd7 11.Bc7 Bb7 12.Bxc4 g6 13.Nf3 Bg7 14.Kc2 O-O 15.Re1 Bf6
16.Re3 Nb6 17.Bxb6 axb6 18.Rxa8 Rxa8 19.Ra3 Kf8 20.Rxa8+ Bxa8 21.Ne1 Be5
22.Nd3 Bd6 23.h3 Kg7 24.Kd2 h5 25.Ke3 Bb7 26.g4 Bc8 27.gxh5 g5 28.f4 Kh6
29.fxg5+ Kxg5 30.Nf2 Kxh5 31.Kf3 Kh4 32.Bd3 Be5 33.Ng4 Bxb2 34.Nh6 e6 35.Nxf7 exd5
36.Nd6 Bxh3 37.Bf5 Be5 38.Bxh3 Kxh3 39.Nc8 Bc7 40.Ne7 d4 41.Nd5 Bd8 42.Nf4+ Kh2
43.Ke4 Kg3 44.Ng6 Kf2 45.Kd3 Ke1 46.Ne5 Kd1 47.Nf7 Bc7 48.Ng5 Kc1 49.Ne6 Bd6
50.Ng5 Kb2 51.Ne4 Bc7 52.Nd2 Bd8 53.Kc4 Bg5 54.Nf3 Bf4 55.Ne1 Bg3 56.Nf3 Kc2  0-1

[Event "CZE-chT 9495"]
[Site "?"]
[Date "1995.??.??"]
[Round "1"]
[White "Polak, Tomas"]
[Black "Vavruska, David"]
[Result "1-0"]
[WhiteElo "2420"]
[BlackElo "2265"]

1.d4 d5 2.c4 dxc4 3.e4 c5 4.d5 e6 5.Nc3 Nf6 6.Bxc4 exd5 7.Nxd5 Nxd5 8.Bxd5 Qb6
9.Nf3 Be7 10.O-O O-O 11.Ne5 Be6 12.Qc2 Rd8 13.Rd1 Nd7 14.Nc4 Qa6 15.Bf4 Nf6
16.Ne3 Rac8 17.b3 Nh5 18.Be5 Bf6 19.Qb2 Bxe5 20.Qxe5 Nf6 21.Bxe6 Qxe6 22.Qxe6 fxe6
23.f3 b6 24.Kf2 Kf8 25.Nc4 Ke7 26.Ke3 Ne8 27.Ne5 Nd6 28.Rac1 Nf7 29.Rxd8 Nxd8
30.Rd1 Rc7 31.f4 Nc6 32.Nf3 Nb4 33.Rd2 h6 34.Ne5 Nc6 35.Nf3 Nb4 36.g4 Rd7
37.Rxd7+ Kxd7 38.a4 Nc6 39.e5 Na5 40.Nd2 a6 41.f5 Ke7 42.Nc4 Nxb3 43.Nxb6 Nd4
44.Ke4 Ne2 45.h4 h5 46.f6+ gxf6 47.exf6+ Kxf6 48.gxh5 c4 49.Ke3 Ng3 50.Nxc4 Nxh5
51.Kd4 Nf4 52.Kc5 Nd3+ 53.Kb6 a5 54.Kxa5 Nc5 55.Kb5 Nxa4 56.Kxa4  1-0

[Event "Elgoibar"]
[Site "Elgoibar"]
[Date "1995.??.??"]
[Round "9"]
[White "Gomez, M."]
[Black "De la Villa Garcia, Jesus Maria"]
[Result "1/2-1/2"]
[WhiteElo "2425"]
[BlackElo "2500"]

1.d4 d5 2.c4 dxc4 3.e4 Nf6 4.e5 Nd5 5.Bxc4 Nb6 6.Bb3 Nc6 7.Ne2 Bf5 8.Nbc3 e6
9.a3 Qd7 10.O-O Be7 11.Be3 O-O-O 12.Rc1 f6 13.exf6  1/2-1/2

[Event "RUS-ch"]
[Site "Elista"]
[Date "1995.??.??"]
[Round "8"]
[White "Epishin, Vladimir"]
[Black "Kharlov, Andrei"]
[Result "1/2-1/2"]
[WhiteElo "2640"]
[BlackElo "2555"]

1.d4 d5 2.c4 dxc4 3.e4 Nf6 4.e5 Nd5 5.Bxc4 Nb6 6.Bb3 Bf5 7.Ne2 e6 8.Nbc3 Nc6
9.a3 f6 10.Bf4 g5 11.Be3 fxe5 12.O-O Be7 13.d5 Na5 14.Bxb6 axb6 15.Ba2 exd5
16.Nxd5 Nc6 17.Qb3 Rf8 18.Rad1 Bd6 19.Qe3 Kd7 20.Rd2 Kc8 21.Rfd1 Kb8 22.Nxb6 Ra6
23.Nc4 Nd4 24.Nxd4 exd4 25.Rxd4 Re8 26.Qd2 Qf6 27.Nxd6 Rxd6 28.Rxd6 Qxd6
29.Qxd6 cxd6 30.Kf1 Kc7 31.f3 Kd7 32.Bc4 Rc8 33.b3 Be6 34.Rd4 Bxc4+ 35.Rxc4 Re8
36.h4 h6 37.hxg5 hxg5 38.Re4 Rc8 39.Rg4 Rc5 40.Ke2 Ke6 41.Kd3 b5 42.a4 bxa4
43.bxa4 Kf5 44.Rc4 Ra5 45.Kc3 Ra8 46.Kb3 Ke6 47.Re4+ Kd7 48.Rc4 Rb8+ 49.Rb4 Ra8
50.Rb7+ Ke6 51.Rb5 g4 52.fxg4 d5 53.g5 d4 54.g6 Rc8 55.g7 d3 56.Rh5 d2 57.Rh1 Kf7
58.Rd1 Rd8 59.a5 Kxg7 60.Kc3 Ra8 61.Kb4 Rb8+ 62.Kc5 Rb2 63.a6 Ra2 64.Kb6  1/2-1/2

[Event "Formia op"]
[Site "Formia"]
[Date "1995.??.??"]
[Round "?"]
[White "Sulava, Nenad"]
[Black "Drasko, Milan"]
[Result "0-1"]
[WhiteElo "2420"]
[BlackElo "2510"]

1.d4 d5 2.c4 dxc4 3.e4 Nf6 4.e5 Nd5 5.Bxc4 Nb6 6.Bd3 Nc6 7.Ne2 Bg4 8.f3 Be6
9.Nbc3 Bd5 10.Nf4 e6 11.Ncxd5 Nxd5 12.Nxd5 Qxd5 13.Be4 Qb5 14.Qb3 Bb4+ 15.Bd2 Nxd4  0-1

[Event "Troll Masters"]
[Site "Gausdal"]
[Date "1995.??.??"]
[Round "6"]
[White "Tisdall, Jonathan D"]
[Black "Westerinen, Heikki MJ"]
[Result "1/2-1/2"]
[WhiteElo "2470"]
[BlackElo "2405"]

1.d4 d5 2.c4 dxc4 3.e4 e5 4.Nf3 exd4 5.Bxc4 Bb4+ 6.Bd2 Bxd2+ 7.Nbxd2 Nc6
8.O-O Nh6 9.Nb3 Bg4 10.Nbxd4 Nxd4 11.Qxd4 Qxd4 12.Nxd4 O-O-O 13.Nb3 Rhe8
14.Rac1 Be6 15.h3  1/2-1/2

[Event "BL2-N9495"]
[Site "Germany"]
[Date "1995.??.??"]
[Round "?"]
[White "Heinig, Wolfram"]
[Black "Naumann, Frank"]
[Result "0-1"]
[WhiteElo "2335"]
[BlackElo "2260"]

1.d4 d5 2.c4 dxc4 3.e4 Nf6 4.e5 Nd5 5.Bxc4 Nb6 6.Bb3 Nc6 7.Nf3 Bf5 8.O-O e6
9.Nc3 Nb4 10.Bg5 Qd7 11.a3 N4d5 12.Nxd5 Nxd5 13.Nh4 h6 14.Nxf5 hxg5 15.Ne3 O-O-O
16.Qf3 Rh4 17.Rfd1 c6 18.Nxd5 exd5 19.Bc2 g6 20.Rac1 g4 21.Qg3 Be7 22.b4 a6
23.Bd3 Rdh8 24.Rb1 Rxh2 25.Qxh2 Rxh2 26.Kxh2 f6 27.exf6 Bxf6 28.Bxg6 Qg7
29.Bf5+ Kc7 30.Kg3 Bxd4 31.Bxg4 Bxf2+ 32.Kxf2 Qxg4 33.g3 Kd6 34.Rd3 Qf5+
35.Ke2 Qe4+ 36.Kd2 Qg2+ 37.Kc3 Qa2 38.Rb3 b6 39.Kd4 c5+ 40.bxc5+ bxc5+ 41.Ke3 c4  0-1

[Event "BL2-N9495"]
[Site "Germany"]
[Date "1995.??.??"]
[Round "?"]
[White "Paulsen, Dirk"]
[Black "Hansen, Lars Bo"]
[Result "1/2-1/2"]
[WhiteElo "2315"]
[BlackElo "2565"]

1.d4 d5 2.c4 dxc4 3.e4 e5 4.Nf3 Bb4+ 5.Nc3 exd4 6.Qxd4 Qxd4 7.Nxd4 Ne7 8.Bxc4 c6
9.O-O Nd7 10.Nc2 Bd6 11.Rd1 Bc7 12.Bg5 Ng6 13.h3 O-O 14.Nd4 Nb6 15.Bb3 Bf4
16.Bxf4 Nxf4 17.Rd2 Re8 18.Rad1 g6 19.a4 a5 20.h4 Ne6 21.Nxe6 Bxe6 22.Bxe6 Rxe6
23.Rd4 Kg7 24.f3 h5 25.Kf2 Rc8 26.Rd6 Rxd6 27.Rxd6 Kf8 28.b3 Ke7 29.Rd4 Nd7
30.b4 axb4 31.Rxb4 Nc5 32.Ke3 Ra8 33.Rc4 Ra5 34.g4 hxg4 35.fxg4 Nd7 36.Rb4 b6
37.Rb1 Ke6 38.Kd4 Ra8 39.h5 Rh8 40.Ne2 Kd6 41.Rf1 gxh5 42.gxh5 Rxh5 43.Rxf7 Rh3
44.e5+ Nxe5 45.Rf6+ Kc7 46.Nf4 Nd7 47.Rxc6+ Kxc6 48.Nxh3 Nc5 49.Nf4 Nxa4
50.Nd5 b5 51.Nc3 Nxc3 52.Kxc3 Kc5  1/2-1/2

[Event "JBL NO95/96"]
[Site "Germany"]
[Date "1995.??.??"]
[Round "1"]
[White "Mueller, Andrea"]
[Black "Breier, Andreas"]
[Result "0-1"]
[WhiteElo "2110"]
[BlackElo "2225"]

1.d4 d5 2.c4 dxc4 3.e4 Nf6 4.e5 Nd5 5.Bxc4 Nb6 6.Bd3 Nc6 7.Ne2 Bg4 8.f3 Be6
9.Nbc3 Bd5 10.Nxd5 Nxd5 11.Qb3 Nb6 12.Be3 e6 13.O-O Nb4 14.Be4 N4d5 15.Bf2 c6
16.Nc3 Qd7 17.Bxd5 Nxd5 18.Nxd5 exd5 19.f4 Be7 20.f5 O-O-O 21.Bg3 h5 22.e6 fxe6
23.fxe6 Qxe6 24.Rae1 Qd7 25.Rf7 Rde8 26.Qe3 Bg5 27.Qf3 Rxe1+ 28.Bxe1 Qe6
29.Rf8+ Rxf8 30.Qxf8+ Bd8 31.Qf2 Bf6 32.Bc3 Qe4 33.Qd2 Qb1+ 34.Kf2 Qxa2 35.Qe2 Qa4
36.Qe3 Qc2+ 37.Kf3 Qf5+ 38.Ke2 Kd7 39.Bb4 Qg4+ 40.Kd3 Qxg2 41.Qf4 Qh3+ 42.Kc2 Qe6  0-1

[Event "Groningen op"]
[Site "Groningen"]
[Date "1995.??.??"]
[Round "?"]
[White "Tunik, Gennady"]
[Black "Sermek, Drazen"]
[Result "1/2-1/2"]
[WhiteElo "2515"]
[BlackElo "2490"]

1.d4 d5 2.c4 dxc4 3.e4 e5 4.Nf3 exd4 5.Qxd4 Qxd4 6.Nxd4 Bc5 7.Be3 Nf6 8.f3 Nc6
9.Nc2 Bxe3 10.Nxe3 Be6 11.Nd2 O-O-O 12.Bxc4 Bxc4 13.Ndxc4 b5 14.Na3 a6 15.Nac2 Ne5
16.Ke2 Nd3 17.Rhb1 Nf4+ 18.Ke1 Nd3+ 19.Kf1 Kb7 20.Ne1 c5 21.b3 Nb4 22.Rb2 Rd7
23.Rc1 Kb6 24.a3 Nc6 25.Rbc2 Nd4 26.Rc3 Rhd8 27.Kf2 Ne6 28.Nf1 Rd1 29.Rxd1 Rxd1
30.Nd3 Ra1 31.b4 Ra2+ 32.Ke3 c4 33.Ne1 Ra1 34.Kf2 a5 35.Ne3 axb4 36.axb4 Rb1
37.N1c2 Nf4 38.Nf5 Nd3+ 39.Ke3 Nxb4 40.Nxb4 Rxb4 41.Nd6 Rb2 42.g4 Kc5 43.Nxf7 b4
44.Rc1 Rxh2 45.Ne5 c3 46.g5 Ne8 47.Rb1 Rg2  1/2-1/2

[Event "Groningen op"]
[Site "Groningen"]
[Date "1995.??.??"]
[Round "?"]
[White "Van Gisbergen, Stan"]
[Black "Meins, Gerlef"]
[Result "1/2-1/2"]
[WhiteElo "2270"]
[BlackElo "2440"]

1.d4 d5 2.c4 dxc4 3.e4 e5 4.Nf3 exd4 5.Qxd4 Qxd4 6.Nxd4 Nf6 7.f3 Bc5 8.Nb5 Na6
9.Bf4 Be6 10.Nxc7+ Nxc7 11.Bxc7 O-O 12.Nc3 Rac8 13.Bg3 Rfd8 14.Be2 Bb4 15.Bf2 a6
16.Rd1 Rxd1+ 17.Kxd1 Nd7 18.Kc1 Nc5 19.a3 Nb3+ 20.Kc2 Bc5 21.Bxc5 Nxc5 22.Rd1 b5
23.Rd6 Kf8 24.Nd5 Bxd5 25.Rxd5 f6 26.e5 fxe5 27.Rxe5 Nb3 28.Kc3 Nc5 29.f4  1/2-1/2

[Event "Groningen op"]
[Site "Groningen"]
[Date "1995.??.??"]
[Round "?"]
[White "Donk, Merlijn Silvester"]
[Black "Sermek, Drazen"]
[Result "0-1"]
[WhiteElo "2365"]
[BlackElo "2490"]

1.d4 d5 2.c4 dxc4 3.e4 e5 4.Nf3 exd4 5.Qxd4 Qxd4 6.Nxd4 Bc5 7.Nb5 Na6 8.Bxc4 c6
9.N5c3 Nb4 10.Na3 b5 11.Be2 Nf6 12.Bg5 Ng4 13.Bxg4 Bxg4 14.f3 Be6 15.Ke2 f6
16.Be3 Bxe3 17.Kxe3 O-O-O 18.Rhd1 Rxd1 19.Rxd1 Nxa2 20.Nxa2 Bxa2 21.Rc1 Kb7
22.Nc2 Rd8 23.Nd4 Bc4 24.b3 c5 25.bxc4 Rxd4 26.cxb5 Kb6 27.Ra1 Rd7 28.Rb1 c4
29.f4 Kc5 30.e5 fxe5 31.fxe5 c3 32.e6 Re7 33.Kd3 Rxe6 34.Kxc3 Re2 35.Ra1 Re3+
36.Kd2 Re7 37.Rb1 Rb7 38.Kc3 Rxb5 39.Rf1 Kb6 40.Rf4 Rc5+ 41.Kb3 Rc7 42.Rh4 h6
43.Rg4 Kc5 44.Rg6 Kd5 45.g4 Ke5 46.h4 Kf4 47.h5 Re7 48.Kb2 Rb7+ 49.Ka3 Kg3
50.g5 hxg5 51.Rxg5+ Kh4 52.Ra5 Kg4 53.Ka2 a6 54.h6 gxh6 55.Rxa6 h5 56.Ra4+ Kg3
57.Ra3+ Kg2 58.Ra4 Rf7 59.Kb2 Kg3 60.Kc2 h4 61.Ra8 Rf4 62.Rg8+ Rg4 63.Rd8 h3
64.Rd3+ Kh4 65.Rd8 h2 66.Kb2 Kh3  0-1